000 00652nam a2200193Ia 4500
003 GCL
008 140319s9999 xx 000 0 ara d
040 _aGCL /
_cGCL
082 0 4 _a791.4352
_bم ز
100 1 _aمدكور ثابت
245 1 0 _aزينب الاديب هيكل على الشاشة المصرية /
_cمدكور ثابت
700 1 _aانسية ابوالنصر
260 _aالقاهرة :
_bالمجلس الاعلى للثقافة ،
_c1996
300 _a200 ص ؛
_c18 سم
650 0 4 _aالافلام السينمائية
650 0 4 _aالسينما والادب
650 0 4 _aالسينما - مصر
942 _2ddc
_cBK
999 _c50157
_d50157